Prácticas de producción conservación sostenible y prevención de riesgos en el área rural del corregimiento de Macaraquilla-municipio de Aracataca-departamento del Magdalena (Registro nro. 6702)

Detalles MARC
000 -CABECERA
Campo de control 00802nam a2200193 a 4500
005 - FECHA Y HORA DE LA ULTIMA TRANSACCION
Campo de control 20160825020003.0
008 - ELEMENTOS DE LONGITUD FIJA—INFORMACION GENERAL
Campo de control 160317b2007 ck a gr|||| 00| 0 spa d
040 ## - FUENTE DE CATALOGACIÓN
Agencia catalogadora original CO-BoIAVH
Agencia transcriptora CO-BoIAVH
041 0# - IDIOMA
Código de idioma para texto/pista de sonido o título separado Español
044 ## - PAÍS DE PUBLICACIÓN
País de publicación Colombia
082 04 - NUMERO DE CLASIFICACION DECIMAL DEWEY
Número de clasificación 333.72028
Número del ítem C82p
110 2# - ASIENTO PRINCIPAL--NOMBRE CORPORATIVO
Nombre corporativo o de jurisdicción como elemento de entrada Corporación Autónoma Regional del Magdalena
9 (RLIN) 64530
245 10 - MENCION DE TITULO
Título Prácticas de producción conservación sostenible y prevención de riesgos en el área rural del corregimiento de Macaraquilla-municipio de Aracataca-departamento del Magdalena
260 ## - PUBLICACION, DISTRIBUCION, ETC. (PIE DE IMPRENTA)
Lugar de publicación, distribución, etc. Santa Marta :
Nombre del editor, distribuidor, etc. CORPAMAG :
-- Ecopetrol,
Fecha de publicación, distribución, etc. 2007.
300 ## - DESCRIPCION FISICA
Extensión 30 páginas :
Otros detalles físicos ilustraciones (algunas a color) ;
Dimensiones 21 x 16 centímetros
650 #6 - ASIENTO SECUNDARIO DE MATERIA - TERMINO TEMATICO
Término temático o nombre geográfico como elemento de entrada Prácticas agrícolas
Subdivisión general producción
9 (RLIN) 64533
650 #6 - ASIENTO SECUNDARIO DE MATERIA - TERMINO TEMATICO
Término temático o nombre geográfico como elemento de entrada Prácticas agrícolas
Subdivisión general conservación
9 (RLIN) 64534
942 ## - ELEMENTOS ADICIONALES (KOHA)
Tipo de ítem Libro
Sistema de clasificación Dewey Decimal Classification
Koha issues (borrowed), all copies 1
Existencias
Withdrawn status Lost status Sistema de Clasificación Damaged status No para préstamo Colección Inventariado Ubicación Permanente Ubicación actual Fecha de adquisición Total Checkouts Número topográfico Inventario / Código de Barras Date last seen Date checked out Ejemplar Price effective from Forma de adquisición Tipo de material
    Dewey Decimal Classification     General Inventariado 2017 Bogotá Bogotá 28/11/2008 1 LB-333.72028 C82p 026662 24/08/2016 24/08/2016 Ej. 1 04/12/2012   Folleto